Ap bokto and his barrel. (Record no. 3851)

MARC details
000 -LEADER
fixed length control field 00470cam a2200169 4500
001 - CONTROL NUMBER
control field 4642
005 - DATE AND TIME OF LATEST TRANSACTION
control field 20181127173835.0
008 - FIXED-LENGTH DATA ELEMENTS--GENERAL INFORMATION
fixed length control field 880825s1987 enk b 000 1 eng
010 ## - LIBRARY OF CONGRESS CONTROL NUMBER
LC control number 87158859
020 ## - INTERNATIONAL STANDARD BOOK NUMBER
International Standard Book Number 9789993653158
043 ## - GEOGRAPHIC AREA CODE
Geographic area code a-ii---
245 14 - TITLE STATEMENT
Title Ap bokto and his barrel.
Statement of responsibility, etc.
260 ## - PUBLICATION, DISTRIBUTION, ETC.
Place of publication, distribution, etc. Thimphu :
Name of publisher, distributor, etc. Athang,
Date of publication, distribution, etc. [2015] :
300 ## - PHYSICAL DESCRIPTION
Extent 36 p. ;
Dimensions 30 cm.
650 #0 - SUBJECT ADDED ENTRY--TOPICAL TERM
Topical term or geographic name entry element Jungle animals -- Comic books, strips, etc.
General subdivision
651 #0 - SUBJECT ADDED ENTRY--GEOGRAPHIC NAME
Geographic name Bhutan -- Comic books, strips, etc.
General subdivision
Holdings
Withdrawn status Lost status Source of classification or shelving scheme Damaged status Not for loan Collection code Home library Current library Shelving location Serial Enumeration / chronology Inventory number Total Checkouts Full call number Barcode Date last seen Price effective from Koha item type
    Dewey Decimal Classification     Main TEST RTC Library RTC Library Main opac 7352   895.1 BOK 30007534 27/11/2018 27/11/2018 Main
Royal Thimphu College || All Right Reserved